000 01296nam a2200325Ia 4500
001 ebr10082372
003 CaPaEBR
006 m u
007 cr cn|||||||||
008 050411s2005 dcu sb 000 0 eng d
010 _z 2005047080
020 _z0821362305
040 _aCaPaEBR
_cCaPaEBR
035 _a(OCoLC)60844958
050 1 4 _aRA643.86.A783
_bR48 2005eb
082 0 4 _a362.196/9792/00958
_222
245 0 0 _aReversing the tide
_h[electronic resource] :
_bpriorities for HIV/AIDS prevention in Central Asia /
_cJoana Godinho ... [et al.].
260 _aWashington, DC :
_bWorld Bank,
_c2005.
300 _axx, 186 p.
490 1 _aWorld Bank working paper ;
_vno. 54
504 _aIncludes bibliographical references.
533 _aElectronic reproduction.
_bPalo Alto, Calif. :
_cebrary,
_d2009.
_nAvailable via World Wide Web.
_nAccess may be limited to ebrary affiliated libraries.
650 0 _aHIV infections
_zAsia, Central.
650 0 _aAIDS (Disease)
_zAsia, Central.
655 7 _aElectronic books.
_2local
700 1 _aGodinho, Joana,
_d1951-
710 2 _aebrary, Inc.
830 0 _aWorld Bank working paper ;
_vno. 54.
856 4 0 _uhttp://site.ebrary.com/lib/rucke/Doc?id=10082372
_zAn electronic book accessible through the World Wide Web; click to view
999 _c56543
_d56543